Histoire de la révolution de France, / par M. le vicomte Félix de Conny
Descripción Física:
8 v. ; 20 cm
MARC
| LEADER | 00000nam a2200000Ia 4500 | ||
|---|---|---|---|
| 001 | 16014, 16015, 16016, 16017, 16018, 16019, 16020 | ||
| 008 | 160829s1834 - 1842 xx 000 0 cat d | ||
| 080 | |a H-2-244, H-2-245, H-2-246, H-2-247, H-2-248, H-2-249, H-2-250 | ||
| 100 | |a Conny, Félix de |9 37403 | ||
| 245 | |a Histoire de la révolution de France, / par M. le vicomte Félix de Conny | ||
| 260 | |a Paris : |b Paul Méquignon, |c 1834 - 1842 | ||
| 300 | |a 8 v. ; |c 20 cm | ||
| 590 | |a L'edició d'aquesta obra va ser continuada, al volum 4, per Bureau central d'imprimerie et de librairie, i a partir del volum 5 fins el final, per Jeulin, Libraire. | ||
| 590 | |a Falta el volum 6 | ||
| 650 | |a França |x Història |x 1789/1799, Revolució |9 27752 | ||
| 901 | |a Arxiu | ||
| 942 | |n 1 | ||
| 952 | |0 0 |1 0 |4 0 |6 H2244_H2245_H2246_H2247_H2248_H2249_H2250 |7 1 |9 47849 |a Arxiu |b Arxiu |d 2016-12-01 |l 0 |o H-2-244, H-2-245, H-2-246, H-2-247, H-2-248, H-2-249, H-2-250 |p 16014, 16015, 16016, |r 2016-12-01 00:00:00 |w 2016-12-01 |y ARXIU | ||
| 999 | |c 51648 |d 51648 | ||